Database system concepts (Record no. 14)
[ view plain ]
| 000 -LEADER | |
|---|---|
| fixed length control field | 00588cam a2200229ua 4500 |
| 008 - FIXED-LENGTH DATA ELEMENTS--GENERAL INFORMATION | |
| fixed length control field | 190725n ii |||gr||||Z||||||eng |
| 020 ## - INTERNATIONAL STANDARD BOOK NUMBER | |
| International Standard Book Number | 007-124476-X |
| 040 ## - CATALOGING SOURCE | |
| Transcribing agency | MAIN |
| 041 ## - LANGUAGE CODE | |
| -- | eng |
| 082 ## - DEWEY DECIMAL CLASSIFICATION NUMBER | |
| Classification number | 005.74 |
| 100 ## - MAIN ENTRY--PERSONAL NAME | |
| Personal name | Silberschatz, Abraham., |
| Relator term | |
| 245 ## - TITLE STATEMENT | |
| Title | Database system concepts |
| Statement of responsibility, etc. | By Abraham silberschatz |
| 250 ## - EDITION STATEMENT | |
| Edition statement | 5th. |
| 260 ## - PUBLICATION, DISTRIBUTION, ETC. | |
| Place of publication, distribution, etc. | Singapure: |
| Name of publisher, distributor, etc. | Mcgraw-Hill., |
| Date of publication, distribution, etc. | 2006. |
| 300 ## - PHYSICAL DESCRIPTION | |
| Extent | xxvi, 1142 p.: |
| Other physical details | ill.; |
| Dimensions | 26 cm. |
| 700 ## - ADDED ENTRY--PERSONAL NAME | |
| Personal name | Korth, Henry F., |
| Relator term | |
| 700 ## - ADDED ENTRY--PERSONAL NAME | |
| Personal name | Sudarshan, S., |
| 942 ## - ADDED ENTRY ELEMENTS (KOHA) | |
| Koha item type | Books |
| 653 ## - INDEX TERM--UNCONTROLLED | |
| Uncontrolled term | Computer |
| 653 ## - INDEX TERM--UNCONTROLLED | |
| Uncontrolled term | Database System |
| Withdrawn status | Lost status | Damaged status | Not for loan | Home library | Current library | Shelving location | Date acquired | Total Checkouts | Full call number | Barcode | Date last seen | Copy number | Price effective from | Koha item type |
|---|---|---|---|---|---|---|---|---|---|---|---|---|---|---|
| Central Library, Naharkatiya College | Central Library, Naharkatiya College | General Stacks | 19/09/2020 | 005.74 | SIL | 19562 | 19/09/2020 | 1 | 19/09/2020 | Books |
